Introduction to physical geography
New material includes separate chapters for servey of the earth's atmosphere as a layered structure and the heating and cooling of the atmosphere as viewed from the standpoint of a global radiation budget. New world maps of surface air temperatures, pressures, and winds are a major improvement,...
محفوظ في:
| المؤلف الرئيسي: | |
|---|---|
| التنسيق: | كتاب |
| اللغة: | Undetermined |
| منشور في: |
New York
John Wiley & Sons, Inc
1970
|
| الموضوعات: | |
| الوسوم: |
إضافة وسم
لا توجد وسوم, كن أول من يضع وسما على هذه التسجيلة!
|
| Thư viện lưu trữ: | Trung tâm Học liệu Trường Đại học Cần Thơ |
|---|
| LEADER | 00846nam a2200193Ia 4500 | ||
|---|---|---|---|
| 001 | CTU_143591 | ||
| 008 | 210402s9999 xx 000 0 und d | ||
| 082 | |a 910.022 | ||
| 082 | |b S896 | ||
| 100 | |a Strahler, Arthur Newell | ||
| 245 | 0 | |a Introduction to physical geography | |
| 245 | 0 | |c [by] Arthur N. Strahler. | |
| 260 | |a New York | ||
| 260 | |b John Wiley & Sons, Inc | ||
| 260 | |c 1970 | ||
| 520 | |a New material includes separate chapters for servey of the earth's atmosphere as a layered structure and the heating and cooling of the atmosphere as viewed from the standpoint of a global radiation budget. New world maps of surface air temperatures, pressures, and winds are a major improvement,... | ||
| 650 | |a Physical geography,Địa lý tự nhiên | ||
| 904 | |i Năm | ||
| 980 | |a Trung tâm Học liệu Trường Đại học Cần Thơ | ||